Difusión del diseño en Guadalajara por medio de la formación de un colectivo /
Gorde:
| Egile nagusia: | |
|---|---|
| Beste egile batzuk: | , |
| Formatua: | Tesis Liburua |
| Hizkuntza: | gaztelania |
| Gaiak: | |
| Etiketak: |
Etiketarik gabe, Izan zaitez lehena erregistro honi etiketa jartzen!
|
MARC
| LEADER | 00000nam^a2200000^a^4500 | ||
|---|---|---|---|
| 001 | 000187223 | ||
| 005 | 20250521000000.0 | ||
| 009 | 20260310102254.409 | ||
| 037 | |a Acervo ITESO - Biblioteca | ||
| 041 | |a ESP | ||
| 090 | |a DIS. 105 | ||
| 100 | |a Rábago González Luna, Daniela |e (autor) | ||
| 245 | 1 | 0 | |a Difusión del diseño en Guadalajara por medio de la formación de un colectivo / |c D. Rábago González Luna, E.C. Urbina Aceves, E.G. Collignon de Alba. |
| 264 | |a Guadalajara, México : |b edición de autor, |c 2006 | ||
| 300 | |a 1 disco compacto de computadora | ||
| 336 | |a datos para computadora |b cod |2 rdacontenido | ||
| 337 | |a computadora |b c |2 rdamedio | ||
| 338 | |a disco de computadora |b cd |2 rdasoporte | ||
| 502 | |a ITESO Tesis de Licenciatura en Diseño | ||
| 649 | |a XX | ||
| 650 | |a Diseñadores - |z Guadalajara, Jalisco - |x Asociaciones | ||
| 650 | |a Diseñadores - |z Jalisco - |x Asociaciones | ||
| 650 | |a Diseñadores - |z México - |x Asociaciones | ||
| 650 | |a Asociaciones Profesionales - |z Guadalajara, Jalisco | ||
| 650 | |a Asociaciones Profesionales - |z Jalisco | ||
| 650 | |a Asociaciones Profesionales - |z México | ||
| 650 | |a Diseño - |z Guadalajara, Jalisco - |x Difusión | ||
| 650 | |a Diseño - |z Guadalajara, Jalisco - |x Aspectos Económicos | ||
| 650 | |a Diseño - |z Jalisco - |x Difusión | ||
| 650 | |a Diseño - |z Jalisco - |x Aspectos Económicos | ||
| 650 | |a Diseño Mexicano - |x Difusión | ||
| 650 | |a Diseño Mexicano - |x Aspectos Económicos | ||
| 650 | |a Identidad Corporativa | ||
| 650 | |a Publicidad en Internet | ||
| 650 | |a Publicidad | ||
| 650 | |a Relaciones Públicas | ||
| 650 | |a Comunicación Organizacional | ||
| 650 | |a Promoción del Servicio | ||
| 650 | |a Mercadotecnia de Servicios | ||
| 650 | |a Diseño y Sociedad - |z Guadalajara, Jalisco | ||
| 650 | |a Diseño y Sociedad - |z Jalisco | ||
| 650 | |a Diseño y Sociedad - |z México | ||
| 700 | |a Urbina Aceves, Emma Celeste |e (autor) | ||
| 700 | |a Collignon de Alba, Eduardo Guillermo |e (autor) | ||
| 910 | |a Fondo General | ||
| 920 | |a Electrónicos - Tesis del ITESO en Disco | ||
| 905 | |a 202 | ||
| 901 | |a 0500129529 |b IT2 |c STS |u 20250521 | ||
| 902 | |a https://opac.biblio.iteso.mx/vufind/Record/000187223 | ||